| 000 | 01139cad a22002295a 4500 | ||
|---|---|---|---|
| 001 | L158509 | ||
| 008 | 150402s2015 xxk f 000 0 eng d | ||
| 035 | _a(Sirsi) u158509 | ||
| 041 | 0 | _aeng | |
| 110 |
_aUnited Kingdom _kLaws, etc. _95044 |
||
| 245 | 0 | 4 | _aThe Non-Domestic Rating (Alteration of Lists and Appeals) (England) (Amendment) Regulations 2015 |
| 260 |
_aLondon _bHM Government _c2015 |
||
| 490 | 0 |
_aSI _v2015:424 |
|
| 520 | _aCame into force on 28 March 2015. Amends Non-Domestic Rating (Alteration of Lists and Appeals) (England) Regulations 2009. Alterations to rateable values can only be backdated to the period between 1 April 2010 and 1 April 2015 for Valuation Office Agency alterations made before 1 April 2016 and ratepayers' appeals made before 1 April 2015. | ||
| 590 | _aKA | ||
| 650 | 2 | 4 | _aNON-DOMESTIC RATING (ALTERATION OF LISTS AND APPEALS) (ENGLAND) REGULATIONS 2009 |
| 650 | 2 | 4 | _aRATING APPEALS |
| 651 | 4 |
_aEngland _y886- |
|
| 690 | _aFinance and taxation | ||
| 856 | 4 | 0 |
_uhttps://www.legislation.gov.uk/uksi/2015/424/contents/made _zView the item free of charge at www.legislation.gov.uk |
| 942 | _n0 | ||
| 999 |
_c115352 _d115352 |
||